000 00641nam a2200217Ia 4500
005 20250508165007.0
008 008 250505s9999 xx 000 0 eng d
020 _a978-81-321-0557-2
037 _aTextual
040 _aFEDL
_beng
_cFEDL
041 _aeng
_2eng
084 _aB, GAN
_qFEDL
100 _aThakkar Usha Ed.
245 0 _aUnderstanding Gandhi: Gandhians in conversation with Fred J Blum
260 _aNew Delhi, India
_bSage Publications India Pvt. Ltd.
_c2011
300 _axx,551p
365 _aINR
_b1.25
700 _a Mehta Jayshree Ed.
_9779655
942 _cTEXL
_hB, GAN
999 _c1392539
_d1392539